000 01094nab a22002177a 4500
999 _c6079
_d6079
003 OSt
005 20260121184526.0
008 190502c xxu||||| |||| 00| 0 spa d
040 _cPJ
100 _96856
_aGrbavac, Hernán D.
245 1 _aPrincipio de legalidad y “juicios de la verdad” /
_cHernán D. Grbavac.
260 _aCiudad Autónoma de Buenos Aires :
_bThomson Reuters La Ley,
_c2024.
300 _ap. 3-12
505 _aSumario: I. Introducción.— II. El “juicio de la verdad”.— III. El principio de legalidad y la aplicación de la ley penal más benigna: sus alcances en el derecho argentino.— IV. Bibliografía.
505 _aFallo comentado: CFCasación Penal, sala II, 22/05/2023. - T., H. L. y otro s/ recurso de casación.
505 _t¿Te interesa el texto completo? Solicitalo al correo: koha@justierradelfuego.gov.ar
650 0 _9343
_aDERECHO PENAL
650 0 _94830
_aLEY PENAL MAS BENIGNA
773 0 _02729
_93180
_dBuenos Aires : LexisNexis, 2006-
_tRevista de derecho penal y procesal penal. Nº 5 - Mayo 2024
_z9875920622
942 _2udc
_cANA